000 00648nam a2200241Ia 4500
003 OSt
005 20220924115423.0
006 a|||||r|||| 00| 0
007 ta
008 220923b |||||||| |||| 00| 0 san d
024 _a248293
037 _cTextual
040 _aARTS
_cARTS
_bsan
041 _2san
_asan
082 _aO1518vK, 152J6
100 _aKochhad Harivansh
_9178188
245 0 _aAprabhansh sahitya
260 _aDelhi
_bBharatiya Sahitya Mandir India
300 _a435p.
_ccm.
650 _aSANSKRIT LITERATURE
942 _hO1518vK, 152J6
_cTEXL
_2CC
999 _c398269
_d398269